000 00983nam a2200229Ia 4500
008 240916m2021 sp 000 0 spa d
041 _aspa
100 _aMORENO DIAZ, José Antonio
_910371
245 1 0 _aObstrucción de la acción climática en la extrema derecha española
_b: la enmienda de Vox a la Ley de Cambio Climático y su representación en prensa
_c/ José Antonio Moreno, Gina Thorton
260 _a[Sevilla :
_bEditorial de la Universidad de Sevilla],
_c2022
300 _a16 p. ;
_c30 cm
500 _aAEn : Ámbitos. Revista Internacional de Comunicación, n. 53 (2021). pp.| 25 - 40
650 0 _aCAMBIO CLIMATICO
_914743
650 0 _aPRENSA
_91631
650 0 _aPOLITICA
_9547
650 0 _aDERECHOS HUMANOS
_92569
650 0 _aACTITUD SINDICAL
_961
650 0 _aMEDIOS DE COMUNICACION DE MASAS
_929246
700 1 _939283
_aTHORTON, Gina
856 _zPDF
_uhttps://docpublicos.ccoo.es/cendoc/069001ObstrucciónAccionClimatica.pdf
942 _cDOCU_ELEC
_2ddc
999 _c60240
_d60240